000
00289nam a22001217a 4500
008
230703b xxu||||| |||| 00| 0 eng d
082
_a
351
_b
UNI
100
_c
UN
245
_a
Rethinking Public Administration:
_b
An Overview
260
_c
1998
300
_a
various paging
942
_2
ddc
_c
BK
999
_c
3221
_d
3221